<?xml version="1.0" encoding="UTF-8"?><?xml-stylesheet type="text/xsl" href="static/style.xsl"?><OAI-PMH xmlns="http://www.openarchives.org/OAI/2.0/" xmlns:xsi="http://www.w3.org/2001/XMLSchema-instance" xsi:schemaLocation="http://www.openarchives.org/OAI/2.0/ http://www.openarchives.org/OAI/2.0/OAI-PMH.xsd"><responseDate>2026-04-18T07:57:45Z</responseDate><request verb="GetRecord" identifier="oai:www.recercat.cat:20.500.12694/7029" metadataPrefix="marc">https://recercat.cat/oai/request</request><GetRecord><record><header><identifier>oai:recercat.cat:20.500.12694/7029</identifier><datestamp>2025-12-18T12:09:49Z</datestamp><setSpec>com_2072_179042</setSpec><setSpec>col_2072_484474</setSpec></header><metadata><record xmlns="http://www.loc.gov/MARC21/slim" xmlns:dcterms="http://purl.org/dc/terms/" xmlns:xsi="http://www.w3.org/2001/XMLSchema-instance" xmlns:doc="http://www.lyncode.com/xoai" xsi:schemaLocation="http://www.loc.gov/MARC21/slim http://www.loc.gov/standards/marcxml/schema/MARC21slim.xsd">
   <leader>00925njm 22002777a 4500</leader>
   <datafield ind2=" " ind1=" " tag="042">
      <subfield code="a">dc</subfield>
   </datafield>
   <datafield ind2=" " ind1=" " tag="720">
      <subfield code="a">Mallart Vallmajó, Oriol</subfield>
      <subfield code="e">author</subfield>
   </datafield>
   <datafield ind2=" " ind1=" " tag="260">
      <subfield code="c">2018-06</subfield>
   </datafield>
   <datafield ind2=" " ind1=" " tag="520">
      <subfield code="a">En aquest treball es fa un recorregut per la vida i l’obra de Christiane Mariane von Ziegler, una poetessa que, a més a més d'haver creat una obra literària important en l'Alemanya del s. XVIII, va escriure els textos de nou cantates sacres del segon cicle que J.S. Bach va compondre a Leipzig l’any 1725. L’objectiu principal és donar una visió àmplia i global dels fets més importants de la seva vida, amb el discurs de defensa dels drets de les dones com a eix principal, i el d’apropar-nos a les cantates de Bach des d’una perspectiva més lligada als textos i als llibretistes, amb especial atenció a la seva col·laboració, que va durar només un mes.</subfield>
   </datafield>
   <datafield ind2=" " ind1=" " tag="520">
      <subfield code="a">En este trabajo se hace un recorrido por la vida y la obra de Christiane Mariane von Ziegler, una poetisa que, además de haber creado una obra literaria importante en la Alemania del s. XVIII, escribió los textos de nueve cantatas sacras del segundo ciclo que J.S. Bach compuso en Leipzig en el año 1725. El objetivo principal es dar una visión amplia y global de los hechos más importantes de su vida, con el discurso de defensa de los derechos de las mujeres como eje principal, y acercarnos a las cantatas de Bach desde una perspectiva más ligada a los textos y a los libretistas, con especial atención a su colaboración, que duró solo un mes.</subfield>
   </datafield>
   <datafield ind2=" " ind1=" " tag="520">
      <subfield code="a">In this work, we study the life and work of Christiane Mariane von Ziegler, a poet who, in addition to creating an important literary body of work in eighteenth-century Germany, wrote the texts of nine sacred cantatas of the second cycle that J.S. Bach composed in Leipzig in 1725. The main objective is to provide a broad and comprehensive view of the most significant events in her life, with a focus on her discourse defending women’s rights, while approaching Bach's cantatas from a text-related perspective and examining the librettists, paying special attention to their collaboration, which lasted only one month.</subfield>
   </datafield>
   <datafield ind1="8" ind2=" " tag="024">
      <subfield code="a">http://hdl.handle.net/20.500.12694/7029</subfield>
   </datafield>
   <datafield tag="653" ind2=" " ind1=" ">
      <subfield code="a">TFG Música clàssica i contemporània</subfield>
   </datafield>
   <datafield tag="653" ind2=" " ind1=" ">
      <subfield code="a">Ziegler, Mariane von--Crítica i interpretació</subfield>
   </datafield>
   <datafield tag="653" ind2=" " ind1=" ">
      <subfield code="a">Poesia alemanya--S. XVIII--Història i crítica</subfield>
   </datafield>
   <datafield tag="653" ind2=" " ind1=" ">
      <subfield code="a">Bach, Johann Sebastian, 1685-1750. Cantates</subfield>
   </datafield>
   <datafield tag="653" ind2=" " ind1=" ">
      <subfield code="a">Cantates sacres--Leipzig (Alemanya)--1725</subfield>
   </datafield>
   <datafield tag="653" ind2=" " ind1=" ">
      <subfield code="a">Música i literatura</subfield>
   </datafield>
   <datafield tag="653" ind2=" " ind1=" ">
      <subfield code="a">Drets de les dones--Alemanya--S. XVIII</subfield>
   </datafield>
   <datafield ind2="0" ind1="0" tag="245">
      <subfield code="a">Christiane Mariane von Ziegler: la poetessa de les cantates de Leipzig</subfield>
   </datafield>
</record></metadata></record></GetRecord></OAI-PMH>